00818nam a22002177a 4500999001900000005001700019010001500036020002700051035001400078037001300092082001100105100001900116245011300135250001300248260002500261270008400286300002900370500005100399942002500450952012500475 c157661d15766120180924123544.0 aENG-124037 a9789353060466c1899.00 aEN-107569 bDBAD/PUB a610.73 aBerman, Audrey a Kozier & ERB'S fundamentals of nursing:cby Audrey Berman [and] et....allbconcepts, process and practice / a10th ed. aNoidabPearsonc2018 a15th Floor, Tower B, Worls Trade Tower, Plot No.1, Block -CbNoida (UP)e201301 a1533p.c25cm.(pbk)bill. aIt includes Appendix A & B, glossary and index 2ddccENh610.73mBER 001040718NFICaDBADbBNd2018-09-24eDBAD/PUBg1899.00l0o610.73 BERpEN-107569r2018-09-24 00:00:00t1v1899.00yEN